| 000 | 00352cam a2200145ua 4500 | ||
|---|---|---|---|
| 041 |
_aeng _h |
||
| 082 |
_a828.09 _bMAN/GE |
||
| 100 | _aMann, Thomas . | ||
| 245 |
_aGenesis of a novel / _cThomas Mann. _hTextual Documents |
||
| 260 |
_aLondon : _bSecker & Warburg , _c1961. |
||
| 300 | _a184 ; . | ||
| 504 | _a | ||
| 942 | _cBK | ||
| 999 |
_c11858 _d11858 |
||